000 00575cam a2200145 4500500
005 20260208010734.0
041 _afre
042 _adc
100 1 0 _aDubray, Jean
_eauthor
245 0 0 _aJean-Michel Fontanier, La Beauté selon saint Augustin, Rennes, Presses universitaires de Rennes, 2008, 253 p., 18 €
260 _c2011.
500 _a23
786 0 _nRevue philosophique de la France et de l'étranger | 136 | 3 | 2011-08-29 | p. 405zk-448zk | 0035-3833
856 4 1 _uhttps://shs.cairn.info/revue-philosophique-2011-3-page-405zk?lang=fr&redirect-ssocas=7080
999 _c1657972
_d1657972